000 00250nam a22000977a 4500
008 150828b xxu||||| |||| 00| 0 eng d
082 _a153.6 CAR
100 _aCARROL, JOHN B.
245 _aLANGUAGE AND THOUGHTS
260 _aENGLEWOOD
_bPRENTICE -HALL
_c1964
999 _c1568
_d1568